=LDR 00000nam 2200000 4500 =001 INLIS000000000037445 =005 20130612143157 =008 ***********************************Ind** =035 ##$$0010-061300000037445 =041 ##$$a Ind =082 ##$$a 801.1 =090 ##$$a 801.1, Irm k =100 ##$$a Irmler, Maria =245 ##$$a Kumpulan Puisi, Antologia de Po'eicas Portugal - Indonesia - Malasyia, Maria Irmler dan Danny Susanto =260 ##$$a 2008 $b Jakarta =300 ##$$a 424 hlm;21,5 cm =650 ##$$a Puisi - Kumpulan =700 ##$$a Susanto, Danny =850 ##$$a NBPNMAT =990 ##$$a 21400613/BPAP-NTB/20142014 =990 ##$$a 0001/BPAP-NTB/20142014 =990 ##$$a 0001/BPAP-NTB/20142015